00391nam a2200121 a 4500008004100000050001700041100001800058245014600076260001700222300000900239350000900248500001200257100505s1989 ||||||||||||||||| || u aPAPERS/STAFF aMumba, Raphel10aReport on the workshop on developing a strategy for the effective implementation on professional development for staffin higher education.... aLusakac1989 a17p. a0.00 aIssue 4